<?xml version="1.0" encoding="UTF-8"?>
<record
    xmlns:xsi="http://www.w3.org/2001/XMLSchema-instance"
    xsi:schemaLocation="http://www.loc.gov/MARC21/slim http://www.loc.gov/standards/marcxml/schema/MARC21slim.xsd"
    xmlns="http://www.loc.gov/MARC21/slim">

  <leader>00392    a2200109   4500</leader>
  <controlfield tag="001">ART_13040</controlfield>
  <controlfield tag="005">20260410161817.0</controlfield>
  <controlfield tag="008">260409a                                 </controlfield>
  <datafield tag="245" ind1="1" ind2="0">
    <subfield code="a">Derechos humanos y ambiente, denominadores comunes del derecho internacional contempor&#xE1;neo</subfield>
  </datafield>
  <datafield tag="100" ind1="1" ind2=" ">
    <subfield code="a">Del Castillo, Lilian</subfield>
  </datafield>
  <datafield tag="773" ind1="0" ind2=" ">
    <subfield code="t">Revista Juridica de Buenos Aires</subfield>
    <subfield code="g">Derechos humanos (ene. 2007)</subfield>
    <subfield code="w">REV4315</subfield>
  </datafield>
  <datafield tag="999" ind1=" " ind2=" ">
    <subfield code="c">21961</subfield>
    <subfield code="d">21961</subfield>
  </datafield>
</record>
